[Event "LXIII MEX-ch Open Leon 2017"]
[Site "Leon"]
[Date "2017.04.12"]
[Round "2"]
[White "Ruiz Sanchez, Orlen"]
[Black "Perez Avendano, Paul Omar"]
[Result "0-1"]
[WhiteElo "2455"]
[BlackElo "2156"]
[Annotator "TA"]
[PlyCount "80"]
[EventDate "2017.??.??"]
[EventType "swiss"]
[EventCountry "MEX"]
[SourceTitle "playchess.com"]
[Source "ChessBase"]
[SourceQuality "1"]

{[%evp 20,80,27,25,24,19,32,29,32,0,21,10,6,-11,0,-2,0,-38,0,0,0,-30,3,9,30,28,25,30,19,-54,-52,-65,-16,-22,0,-7,0,0,0,0,-7,-37,-50,-195,0,-35,0,-29,0,-206,-23,-350,-326,-29977,-29974,-29985,-29986,-29991,-29992,-29992,-29993,-29993,-29992]} 1. e4 e5 2. Nf3 Nc6 3. Bb5 a6 4. Ba4 Nf6 5. d3 b5 6. Bb3 Be7 7. a4 b4 8. O-O O-O 9. a5 d6 10. Nbd2 Bg4 {C84: Closed Ruy Lopez: Unusual White 6th moves} (10... Rb8 11. Re1 Be6 12. Bxe6 fxe6 13. Nb3 Qe8 14. d4 exd4 15. Nbxd4 Nxd4 16. Nxd4 Qd7 17. Qe2 c5 18. Nf3 e5 19. Bg5 Qb5 {1-0 (49) So,W (2808)-Gozzoli,Y (2583) chess.com INT 2017}) 11. h3 {LiveBook: 4 Games} Be6 12. Nc4 Nd7 {The position is equal.} 13. Be3 Bf6 $146 (13... Qb8 14. Ncd2 Kh8 15. Bxe6 fxe6 {1-0 (51) Lagno,K (2529)-Dzagnidze,N (2529) Huaian 2016}) 14. Nfd2 Ne7 15. Qe1 Rb8 16. Ra4 d5 17. exd5 Nxd5 18. Nf3 Qe7 19. Bd2 {[%cal Rf3e5]} Nc5 20. Ra1 Nxb3 21. cxb3 Rfe8 22. Qe4 (22. Ncxe5 Bxh3 $1 {[%mdl 512]} 23. d4 Bf5 $15) 22... Rb5 23. Rfe1 Qd8 24. g4 (24. Nfxe5 $11 c5 25. Re2) 24... h6 25. Nfxe5 Bxe5 26. Qxe5 h5 27. Qg3 $1 (27. Qxh5 $2 Nf4 28. Bxf4 Rxh5 29. gxh5 Bxh3 30. Rxe8+ Qxe8 $19) 27... hxg4 28. hxg4 Nf6 29. Ne5 Qd4 30. Nc6 Qxb2 31. Bxb4 ({White should play} 31. Bf4 $15) 31... Nd5 $2 (31... Qxb3 32. Reb1 Qd5 33. Ne7+ (33. Qxc7 Qxd3 34. Rd1 Qh3 $17) 33... Rxe7 34. Bxe7 $14) ({Better is} 31... Nxg4 $19 32. Ne7+ Kh8 33. Qh4+ Nh6) 32. Ba3 Qf6 {[%mdl 1024] Black has compensation.} 33. d4 Qg6 34. Re5 $2 {[#]} (34. Bc5 $11) 34... Qc2 $2 ({Black should try} 34... f6 $1 $19 {[%cal Rf6e5]} 35. Ree1 Bd7 36. Ne7+ Nxe7 37. Bxe7 Rg5) 35. Rh5 $2 {[%mdl 8192] [#]} (35. Rc1 $11 {and White has nothing to worry.} Qxb3 36. Qxb3 Rxb3 37. Bc5) 35... Nc3 $1 $19 (35... Qxc6 36. Qh2 Qc1+ 37. Rxc1 f5 38. Rh8+ Kf7 39. Qh5+ g6 40. Rh7+ Kg8 41. Qxg6#) (35... Rxb3 $2 36. Qh4 f6 37. Rh8+ Kf7 38. Qh5+ Qg6 39. Rxe8 Qxh5 40. Rf8+ Kg6 41. gxh5+ $18) 36. Qxc7 $2 (36. Qf3 $19 Rxh5 37. gxh5) 36... Rxh5 {Black mates.} 37. gxh5 Ne2+ ({Stronger than} 37... Bxb3 38. Ne7+ Kh8 39. Qe5 $11 (39. Qc6 $2 Rxe7 40. Qa8+ Kh7 41. Bxe7 Bd5 42. Qxd5 Nxd5 $19)) (37... Qxb3 38. Qe5 $17) 38. Kh2 Qe4 ({Inferior is} 38... Bxb3 39. Ne7+ Kh7 40. Qxc2+ Bxc2 41. d5 $16) 39. Ne7+ {[#]} Rxe7 $1 {[%mdl 512]} 40. Bxe7 Qg4 0-1

[Event "LXIII MEX-ch Open Leon 2017"]
[Site "Leon"]
[Date "2017.04.13"]
[Round "3"]
[White "Cordova, Emilio"]
[Black "Diaz Rosas, Julio Cesar"]
[Result "1-0"]
[WhiteElo "2645"]
[BlackElo "2312"]
[Annotator "TA"]
[PlyCount "99"]
[EventDate "2017.??.??"]
[EventType "swiss"]
[EventCountry "MEX"]
[SourceTitle "playchess.com"]
[Source "ChessBase"]
[SourceQuality "1"]

{[%evp 11,99,15,14,16,16,16,33,18,15,-10,-15,-22,37,-35,-29,-30,-19,-59,-53,-71,-41,-60,-58,-85,-88,-90,-96,-80,-81,-85,-64,-64,-63,-71,-59,-51,-44,-48,-50,-71,-14,-14,-14,-14,-20,-20,-15,-25,-29,-50,-47,-34,0,-133,-75,-79,0,0,0,0,79,79,79,79,79,79,79,77,166,166,168,83,171,77,77,77,77,77,77,77,77,77,130,104,117,112,203,203,188,190]} 1. Nf3 Nf6 2. d4 g6 3. Nbd2 d5 4. e3 Bg7 5. b4 {[%cal Bb2b4,Bb4b5][%mdl 32]} O-O {D02: 1 d4 d5 2 Nf3 sidelines, including 2...Nf6 3 g3 and 2...Nf6 3 Bf4} 6. Bb2 c6 {LiveBook: 20 Games} (6... Bf5 7. Be2 Nbd7 8. O-O c6 9. a4 Ne4 10. c4 Re8 11. cxd5 cxd5 12. Nxe4 Bxe4 13. Qb3 {1-0 (36) So,W (2808)-Vachier Lagrave,M (2796) chess.com INT 2017}) 7. a4 a5 {The position is equal.} 8. b5 Bg4 $146 (8... h6 9. c4 Ne4 10. cxd5 cxd5 11. Be2 f5 12. O-O Be6 13. Rc1 {1-0 (26) Hojka,C (2009)-Nikula,R (2277) Germany 2005}) 9. Be2 Nbd7 10. h3 Bxf3 $1 11. Bxf3 Qc7 ({Better is} 11... cxb5 $11 12. axb5 Qc7) 12. Rc1 (12. bxc6 $14 bxc6 13. c4) 12... cxb5 $15 13. axb5 Nb6 14. c3 Rfc8 15. Be2 Qd6 16. Qb3 a4 17. Qa2 a3 18. Ba1 e6 19. O-O Nfd7 20. Rc2 h5 21. Rfc1 Bf8 22. Bd3 h4 23. Be2 Be7 24. c4 dxc4 25. Bf3 Qb8 (25... Rc7 $17) 26. Nxc4 $11 Nxc4 27. Rxc4 Rxc4 28. Qxc4 Nb6 ({Reject} 28... a2 $6 29. Qc7 Qxc7 30. Rxc7 $16) 29. Qb3 Bd6 30. Be4 Kg7 31. f4 a2 32. Rc5 (32. Bb2 $1 $11) 32... Qa7 (32... Ra7 $142 33. Qc2 Ra4) 33. Kf2 $17 Qa3 ({Black should try} 33... Kg8 $1 $17 34. Rc2 Nd5 35. Bxd5 exd5 36. Qxd5 Qa4) 34. Qxa3 $11 Rxa3 35. Bxb7 {Hoping for Rc6.} Rb3 {[#]} (35... Be7 $11 {remains equal.}) 36. Rc2 $1 $16 ({But not} 36. Rc6 Rb1 37. Rxb6 (37. Rxd6 $2 Rxa1 38. Rxb6 Rf1+ 39. Kxf1 a1=Q+ 40. Kf2 Qa7 $19) 37... Rxa1 $11) 36... Nd5 37. Bxd5 exd5 38. Rxa2 Rxb5 {[%mdl 4096] Endgame KRB-KRB} 39. Bc3 Kf6 (39... Rb1 $16) 40. Ra6 $18 Ke6 {[#]} 41. Kf3 (41. Be1 $1 $18 {has better winning chances.}) 41... Kd7 (41... Rb1 $16) 42. Ra8 (42. Ra7+ $18 {and White stays clearly on top.} Ke6 43. Be1) 42... Be7 43. Be1 Rb3 44. Ra7+ Ke6 45. Ra6+ Kd7 46. Bf2 Rb2 {[#]} (46... Bd8 $142) 47. f5 $1 $16 {[%mdl 512]} gxf5 48. Rh6 Bg5 (48... f4 $16 {is a better defense.}) 49. Rh5 $18 f6 {intending ...Rb3.} 50. Bxh4 1-0

[Event "LXIII MEX-ch Open Leon 2017"]
[Site "Leon"]
[Date "2017.04.13"]
[Round "3"]
[White "Macieja, Bartlomiej"]
[Black "Salazar Farias, Luis German"]
[Result "1-0"]
[WhiteElo "2529"]
[BlackElo "2296"]
[Annotator "TA"]
[PlyCount "37"]
[EventDate "2017.??.??"]
[EventType "swiss"]
[EventCountry "MEX"]
[SourceTitle "playchess.com"]
[Source "ChessBase"]
[SourceQuality "1"]

{[%evp 16,37,7,-30,87,52,98,102,110,111,118,109,100,93,195,202,403,395,478,477,506,502,495,498]} 1. Nf3 Nf6 2. c4 e6 3. g3 b6 4. Bg2 Bb7 5. d4 Be7 6. Nc3 O-O 7. Qc2 c5 8. d5 exd5 9. Ng5 {[%cal Rc3d5]} g6 {E17: Queen's Indian: 4 g3 Bb7 5 Bg2 Be7} (9... Nc6 $11 10. Nxd5 g6) (9... Nc6 10. Nxd5 g6 11. Qd2 Ba6 12. b3 Nxd5 13. Bxd5 Bxg5 14. Qxg5 Nb4 15. Bxa8 Nc2+ 16. Kd1 Qxa8 17. Kxc2 Qxh1 {½-½ (42) Beliavsky,A (2622)-Banikas,H (2609) Reykjavik 2015}) 10. h4 {[%cal Bh2h4,Bh4g5][%mdl 32]} h5 $146 (10... Nc6 11. cxd5 Nd4 12. Qd1 Re8 13. h5 Nxh5 14. Nxh7 Kxh7 15. e3 Kg7 16. exd4 Bf6+ 17. Kf1 Bxd4 {0-1 (35) Pedersen,S (2463)-Pilgaard,K (2413) Nyborg 2001}) 11. Nxd5 Nc6 {White is better.} 12. Nxf6+ Bxf6 13. Bd5 {[#] Intending Qxg6+ and mate.} Kg7 14. Qd2 $36 {[%mdl 2048] Black must now prevent Nxf7. Keeping Black busy.} Bxg5 (14... Qe7 $16) 15. hxg5 $18 ({But not} 15. Qxg5 $6 Rh8 $16) 15... Qe7 $2 (15... Qb8 {was called for.}) 16. b3 ({Less strong is} 16. g4 d6 $16) 16... Rae8 17. Bb2+ {White is clearly winning.} Nd4 18. Bxd4+ cxd4 19. Bxb7 1-0

[Event "LXIII MEX-ch Open Leon 2017"]
[Site "Leon"]
[Date "2017.04.13"]
[Round "3"]
[White "Gonzalez Zamora, Juan Carlos"]
[Black "Benitez Lozano, Javier"]
[Result "1-0"]
[WhiteElo "2517"]
[BlackElo "2270"]
[Annotator "TA"]
[PlyCount "161"]
[EventDate "2017.??.??"]
[EventType "swiss"]
[EventCountry "MEX"]
[SourceTitle "playchess.com"]
[Source "ChessBase"]
[SourceQuality "1"]

{[%evp 21,161,6,8,8,11,3,4,11,41,45,38,29,36,38,41,33,41,52,50,46,52,41,43,47,30,25,89,57,136,44,47,36,33,21,35,10,8,0,0,0,0,0,0,0,0,0,0,0,0,0,0,0,0,0,0,0,0,0,0,0,5,0,0,0,5,20,19,4,52,49,39,39,46,6,31,12,10,9,18,18,18,16,25,0,0,0,0,0,7,7,14,14,16,14,14,14,19,19,30,13,32,15,16,7,14,0,8,12,36,31,39,25,15,16,31,0,46,35,47,46,140,44,515,52,393,347,362,341,714,686,1185,1132,1274,1170,1404,1379,1362,1337,2801,2509,5126,5126]} 1. Nf3 Nf6 2. g3 b6 3. Bg2 Bb7 4. O-O e6 5. c4 Be7 6. Nc3 O-O 7. d4 {[%cal Bd2d4,Bd4d5][%mdl 32]} Ne4 8. Bd2 Bf6 9. Rc1 d6 10. d5 Nxd2 11. Nxd2 e5 {LiveBook: 21 Games. E18: Queen's Indian: Old Main Line (4 g3 Bb7 5 Bg2 Be7 6 0-0 0-0 7 Nc3)} 12. Qc2 (12. b4 a5 13. a3 axb4 14. axb4 Na6 15. Qb3 Bg5 16. e3 f5 17. f4 Bf6 18. fxe5 Bxe5 19. Nf3 {1-0 (28) Nakamura,H (2785)-Iturrizaga Bonelli,E (2652) Caleta 2017}) 12... g6 13. b4 $146 (13. e4 Nd7 14. f4 exf4 15. gxf4 Bg7 16. Rce1 Re8 17. Nf3 Nf6 18. e5 Nh5 19. Re4 {0-1 (37) Teplyi,I (2448)-Matthiesen,M (2329) Aarhus 2017}) 13... a5 {The position is equal.} 14. a3 axb4 15. axb4 Na6 16. Rb1 Bg7 17. e4 f5 18. Nf3 f4 19. Bh3 Bh6 20. Kg2 Bc8 21. Bxc8 Qxc8 22. h3 fxg3 23. fxg3 Kh8 (23... Nb8 $11) 24. Qe2 Qd7 (24... Nb8 $14) 25. Nh2 ({White should try} 25. Rb2 $1 $16) 25... Rxf1 $14 26. Nxf1 {Threatens to win with Ra1.} Nb8 {[%cal Ba6b8,Bb8d7,Bd7f6][%mdl 32]} 27. Qb2 Qc8 28. Nb5 Nd7 29. Ra1 Rxa1 30. Qxa1 Nf6 31. Qb1 Qd7 32. Qd3 Kg7 33. Nh2 Qc8 34. Nf3 Qd7 35. Ng1 Bg5 36. Nf3 Bh6 37. Qc2 Be3 38. Qe2 Bh6 39. Nc3 Qc8 40. Qa2 Be3 41. Qa7 Qd7 42. Nb5 Ne8 43. Qa3 Bh6 44. Nc3 Be3 45. Nd1 Bh6 46. Nf2 Nf6 47. Kf1 Qf7 48. Ke2 Qd7 49. Nh2 Bg5 50. h4 Bh6 51. Kf1 Bd2 52. Kg2 h5 53. Nf3 Bh6 54. c5 bxc5 55. bxc5 Qe7 56. c6 Qd8 57. Qa7 Kg8 58. Kf1 Kg7 59. Ke2 Kf7 60. Qb7 Ke7 61. Ne1 Kf7 62. Ned3 Ne8 63. Ne1 g5 64. hxg5 Bxg5 65. Nf3 Bf6 66. g4 hxg4 67. Nxg4 Ng7 68. Ne3 Ke7 69. Kd3 Kf7 70. Kc4 Kg6 {[#]} (70... Nh5 $14) 71. Kb5 $1 $36 {[%mdl 2048] White has the initiative.} Qh8 $2 {[%mdl 8192]} (71... Nh5 $1 $14) 72. Nc4 $2 (72. Qxc7 $18 Qd8 73. Qb7) 72... Qh3 $2 {[%mdl 8192]} ({Better is} 72... Ne8 $1 $14) 73. Qxc7 $18 Qxf3 74. Nxd6 (74. Qxd6 Qxe4 75. Qd7 Qb1+ 76. Kc5 Qg1+ 77. Kb5 Qb1+ 78. Kc5 Qg1+ 79. Kb5 Qb1+ $11) 74... Qb3+ $2 {[#]} (74... Bg5 75. Ka6 (75. Qd7 Qb3+ 76. Ka6 Be3 $11) 75... Qa3+ 76. Kb7 Be3) 75. Ka6 $1 {White is clearly winning.} Bg5 {intending ...Be3.} 76. Qb6 Qa3+ 77. Kb7 Be3 78. Qa6 Qb4+ 79. Nb5 Ne8 80. c7+ Kg5 81. c8=Q 1-0

[Event "LXIII MEX-ch Open Leon 2017"]
[Site "Leon"]
[Date "2017.04.13"]
[Round "3"]
[White "Fernandez Cardoso, Alexey"]
[Black "Lopez Raygoza, Luis Albert"]
[Result "1/2-1/2"]
[WhiteElo "2445"]
[BlackElo "2250"]
[Annotator "TA"]
[PlyCount "98"]
[EventDate "2017.??.??"]
[EventType "swiss"]
[EventCountry "MEX"]
[SourceTitle "playchess.com"]
[Source "ChessBase"]
[SourceQuality "1"]

{[%evp 23,98,39,54,47,48,44,52,38,52,29,30,35,24,34,29,22,57,31,52,54,47,52,59,53,68,76,68,28,31,22,42,10,22,14,28,0,0,0,0,-13,15,-16,22,0,0,-62,-18,-18,0,0,0,0,0,0,0,0,0,-93,-81,-144,-140,-113,-120,-190,0,0,0,0,0,0,0,-49,-49,-49,-49,-49,1291]} 1. e4 c5 2. Nf3 Nc6 3. d4 cxd4 4. Nxd4 g6 5. c4 Bg7 6. Nc2 Nf6 {[%cal Bg8f6,Bf6d7,Bd7c5][%mdl 32]} 7. Nc3 O-O 8. Be2 d6 9. O-O a5 {B37: Sicilian: Maroczy Bind with 5...Bg7, sidelines} (9... Be6 10. Bd2 Nd7 11. Rc1 Nc5 12. b4 Bxc3 13. Bxc3 Nxe4 14. Ba1 a5 15. b5 Ne5 16. Qd4 Nf6 17. Ne3 Ned7 18. Bf3 {1-0 (33) Aronian,L (2785)-Flores,D (2579) Doha 2016}) 10. Be3 Nd7 11. Qd2 Nc5 12. f3 Be6 {LiveBook: 6 Games} 13. Rac1 a4 14. Na3 Qa5 15. Rfd1 Rfc8 16. Nd5 $146 (16. Bf1 h5 17. Qf2 Ne5 18. h3 Ned7 19. Nab5 {1-0 (41) Rachela,M (2364)-Pinter,E (2379) Slovakia 2012}) 16... Qxd2 17. Rxd2 {Nb6 is the strong threat.} Bxd5 18. cxd5 Nb4 19. Ra1 Nd7 20. Bb5 Rc7 21. Bd4 Bh6 22. Rdd1 Ne5 23. Bc3 $1 {[%cal Rc3b4]} Be3+ 24. Kf1 Bc5 25. Be2 h5 26. g3 Rcc8 27. h3 Na6 28. Nb5 Bb6 29. Kg2 Nc4 30. Bxc4 Rxc4 31. g4 h4 32. Na3 Rc7 33. Be1 g5 34. b4 (34. Rac1 $11) 34... axb3 35. axb3 Be3 36. Nc4 Bf4 37. Ra5 Rac8 38. Rb5 Rb8 39. Bf2 Nc5 40. Ra1 (40. Nb6 $11 {remains equal.}) 40... Nxb3 $1 $17 41. Rxb3 ({White should try} 41. Ra4 Nc5 42. Bxc5 Rxc5 43. Rxc5 dxc5 44. Nb6) 41... Rxc4 42. Rab1 Rc2 {Strongly threatening ...Bg3.} 43. Kf1 (43. Kg1 $17 {might work better.}) 43... Rc1+ $2 {[#]} (43... Ra8 $19 {Threatens to win with ...Raa2.} 44. R3b2 Rc3) 44. Rxc1 $11 Bxc1 {KRB-KRB} 45. Ba7 Rc8 46. Rxb7 Kf8 47. Bd4 Bf4 {Black is slightly better.} 48. Rb2 f6 49. Ra2 Ra8 $2 {[%mdl 40960] An unexpected result.} (49... Rc4 $15 50. Bf2 Kf7) 1/2-1/2

[Event "LXIII MEX-ch Open Leon 2017"]
[Site "Leon"]
[Date "2017.04.13"]
[Round "3"]
[White "Perez Garcia, Rodney Oscar"]
[Black "Gonzalez Vidal, Yuri"]
[Result "1/2-1/2"]
[WhiteElo "2308"]
[BlackElo "2534"]
[Annotator "TA"]
[PlyCount "46"]
[EventDate "2017.??.??"]
[EventType "swiss"]
[EventCountry "MEX"]
[SourceTitle "playchess.com"]
[Source "ChessBase"]
[SourceQuality "1"]

{[%evp 8,46,9,4,28,36,38,27,47,41,43,62,47,48,57,30,62,30,67,59,95,31,78,72,94,93,95,93,108,30,53,23,26,38,35,29,36,25,35,36,52]} 1. e4 c5 2. Nf3 e6 3. c3 Nf6 4. Bd3 Nc6 5. Bc2 {LiveBook: 38 Games. B40: Sicilian: 2...e6, Unusual lines} g6 (5... d5 6. e5 Nd7 7. d4 Be7 8. O-O b5 9. a3 cxd4 10. cxd4 b4 11. a4 Qb6 12. Re1 Ba6 {1-0 (34) Bauer,C (2622)-Hansen,E (2584) Linares 2013}) 6. d4 $146 (6. O-O Bg7 7. d4 cxd4 8. cxd4 O-O 9. Nc3 d6 10. Bf4 Nh5 11. Bg5 Qb6 12. Na4 Qc7 {1-0 (79) Kotan,L (2275)-Borgo,G (2445) Pardubice 1998}) 6... d5 7. exd5 Nxd5 8. dxc5 Bxc5 9. O-O O-O 10. Bh6 Re8 11. Nbd2 {[%cal Bb1d2,Bd2e4,Be4f6][%mdl 32]} Qc7 12. Re1 $36 {[%mdl 2048] [#] And now Ne4 would win. Black is under pressure.} Bd7 13. Ne4 Be7 $1 14. Bb3 ({Better is} 14. h4 $16) 14... Nf6 15. Nfg5 {Black must now prevent Qf3.} Ne5 {[%cal Bc6e5,Be5d7,Bd7c5,Bc5e6][%mdl 32] [#] Threatening ...Nfg4.} 16. Nxf6+ $1 Bxf6 17. Ne4 Bh8 18. Bg5 (18. f4 $16 Nc6 19. Qd6) 18... Bc6 $11 19. Nf6+ Bxf6 $1 20. Bxf6 Nd7 21. Bg5 Nc5 22. Bc2 e5 $1 23. Qg4 Ne6 1/2-1/2

[Event "LXIII MEX-ch Open Leon 2017"]
[Site "Leon"]
[Date "2017.04.13"]
[Round "3"]
[White "Tello Chavez, Isaac Valent"]
[Black "Obregon Rivero, Juan Carlos"]
[Result "0-1"]
[WhiteElo "2286"]
[BlackElo "2529"]
[Annotator "TA"]
[PlyCount "95"]
[EventDate "2017.??.??"]
[EventType "swiss"]
[EventCountry "MEX"]
[SourceTitle "playchess.com"]
[Source "ChessBase"]
[SourceQuality "1"]

{[%evp 12,95,4,0,49,34,47,17,10,12,29,-8,0,-22,-16,-22,-8,-10,1,-11,-12,-18,-15,-13,-15,-35,-55,-38,-22,-32,-23,-17,-17,-14,-21,-22,0,0,0,-101,0,-43,-7,-139,-137,-126,-109,-136,-126,-270,-295,-529,-528,-509,-500,-755,-748,-747,-746,-749,-743,-745,-747,-722,-695,-873,-889,-1162,-1162,-1154,-1150,-1131,-1117,-1674,-1695,-1623,-1597,-1443,-1442,-1491,-1337,-1276,-1264,-2381,-2094,-1979]} 1. c4 Nf6 2. g3 g6 3. Bg2 Bg7 4. Nc3 O-O 5. e3 d6 6. Nge2 c6 7. O-O {LiveBook: 28 Games} Be6 {A16: English Opening: 1...Nf6 with ...d5} (7... a5 8. d3 e5 9. b3 Re8 10. Bb2 d5 11. Na4 Na6 12. Rc1 dxc4 13. dxc4 Bf5 14. Qxd8 Raxd8 15. Rcd1 Rxd1 16. Rxd1 {½-½ (58) Haznedaroglu,K (2473)-Adhiban,B (2663) Dubai 2016}) 8. b3 Qc8 9. Re1 Bh3 $146 {The position is equal.} (9... Na6 10. Bb2 Nc7 11. Qc2 d5 12. d3 Bh3 13. Bh1 e5 14. cxd5 Nfxd5 15. Ne4 {0-1 (35) Askarov,M (2404)-Yatsenko,A (2286) Dagomys 2004}) 10. d4 e5 11. dxe5 dxe5 12. e4 Bxg2 13. Kxg2 Rd8 14. Qc2 Nbd7 15. Ba3 Bf8 16. Bxf8 Nxf8 17. Rad1 Ne6 18. Na4 Rxd1 19. Qxd1 b5 (19... Qc7 $5 {creates asymmetry.} 20. Nac3 h5 21. Qc1 h4 22. f4 hxg3 23. hxg3 Nc5) 20. Nb2 Qa6 (20... Nxe4 $5 {with more complications.} 21. Ng1 Nc3 22. Qd2 b4 23. Rxe5 c5) 21. Qb1 Rd8 22. cxb5 cxb5 {aiming for ...Rd2.} 23. Rd1 $1 Rc8 24. f3 Qb6 $36 {[%mdl 2048] Black fights for an advantage.} 25. Rd3 {[#]} (25. Nd3 $11 {keeps the balance.}) 25... Qb7 (25... g5 $1 $17 26. h3 h5) 26. Qd1 Kg7 27. b4 {[#]} (27. h4 $11) 27... Nxe4 $1 $17 {[%mdl 512]} 28. fxe4 Qxe4+ 29. Kf2 ({Don't capture} 29. Kg1 $2 Ng5 30. Kf2 Rc6 $19) 29... Ng5 (29... Qxb4 30. Qb3 Qg4 31. Qxb5 $11) 30. Ng1 {[#]} (30. h4 $17 Nh3+ 31. Ke1) 30... Rc6 $1 $19 ({Don't play} 30... Qxb4 31. Qe2 e4 32. Rd5 e3+ 33. Kf1 $19) 31. Qe2 $2 (31. a3 {was necessary.}) 31... Qh1 {Black is clearly winning.} 32. Qxe5+ Rf6+ 33. Nf3 (33. Ke2 $142 Qxh2+ 34. Kd1 Qxg1+ 35. Kc2) 33... Nxf3 34. Qxf6+ Kxf6 35. Rxf3+ {[%mdl 4096] Endgame KQ-KRN} Kg7 36. Nd3 Qxh2+ 37. Ke3 Qxa2 38. Rf4 h5 39. Rf3 a5 40. bxa5 Qxa5 41. Rf4 Qb6+ 42. Kf3 Qc6+ 43. Ke3 Qg2 44. Rf3 g5 45. Ne1 Qg1+ 46. Ke2 Qh2+ 47. Kd3 b4 48. Kd4 0-1

[Event "LXIII MEX-ch Open Leon 2017"]
[Site "Leon"]
[Date "2017.04.13"]
[Round "3"]
[White "Cofre Archibold, Nestor"]
[Black "Hernandez Guerrero, Gilberto"]
[Result "0-1"]
[WhiteElo "2256"]
[BlackElo "2499"]
[Annotator "TA"]
[PlyCount "31"]
[EventDate "2017.??.??"]
[EventType "swiss"]
[EventCountry "MEX"]
[SourceTitle "playchess.com"]
[Source "ChessBase"]
[SourceQuality "1"]

{[%evp 22,31,41,22,31,37,36,33,34,37,40,10]} 1. d4 Nf6 2. c4 g6 3. g3 Bg7 4. Bg2 O-O 5. Nc3 d6 6. Nf3 Nbd7 7. O-O e5 8. e4 c6 9. Re1 Qb6 10. d5 Nc5 11. h3 Bd7 {E69: King's Indian: Fianchetto: 6...Nbd7 7 0-0 e5 8 e4 c6 9 h3} (11... cxd5 12. cxd5 Bd7 13. Qe2 Rfc8 14. Be3 Qb4 15. Bc1 a5 16. Rb1 a4 17. a3 Qa5 18. Nd2 Rab8 19. Qe3 Qa6 20. Na2 Qd3 21. Nb4 Qxe3 22. Rxe3 {½-½ (62) Yilmaz,M (2570)-Cheparinov,I (2681) Jerusalem 2015}) 12. Rb1 {LiveBook: 6 Games} a5 13. dxc6 $146 {White is slightly better.} (13. Bf1 Qc7 14. Bg5 h6 15. Bxf6 Bxf6 16. Qd2 Kh7 17. Rbd1 Be7 18. h4 Qb6 19. Bg2 {½-½ (66) Ionov,S (2500)-Mainka,R (2455) Candas 1992}) 13... Bxc6 {[%cal Rf6e4]} 14. Be3 Rfd8 15. Nd2 a4 16. Kh2 {[%mdl 32768] Loss on time?} 0-1

[Event "LXIII MEX-ch Open Leon 2017"]
[Site "Leon"]
[Date "2017.04.13"]
[Round "3"]
[White "Blanco Fernandez, Alvaro"]
[Black "Leon Valdes, Jony Wilson"]
[Result "1-0"]
[WhiteElo "2241"]
[BlackElo "2363"]
[Annotator "NA"]
[PlyCount "87"]
[EventDate "2017.??.??"]
[EventType "swiss"]
[EventCountry "MEX"]
[SourceTitle "playchess.com"]
[Source "ChessBase"]
[SourceQuality "1"]
[TimeControl "5400+30"]

1. Nf3 {[%emt 0:01:23]} e6 {[%emt 0:00:19]} 2. c4 {[%emt 0:00:09]} Nf6 {[%emt 0:00:09]} 3. Nc3 {[%emt 0:00:34]} b6 {[%emt 0:04:19]} 4. g3 {[%emt 0:03:49]} Bb7 {[%emt 0:00:05]} 5. Bg2 {[%emt 0:00:03]} Be7 {[%emt 0:00:11]} 6. O-O {[%emt 0:00:02]} O-O {[%emt 0:00:09]} 7. Re1 {[%emt 0:00:02]} d5 {[%emt 0:00:06]} 8. cxd5 {[%emt 0:00:17]} exd5 {[%emt 0:00:26]} 9. d4 {[%emt 0:00:13]} Ne4 {[%emt 0:00:46]} 10. Qb3 {[%emt 0:05:21]} Nxc3 {[%emt 0:00:40]} 11. bxc3 {[%emt 0:00:44]} Nc6 {[%emt 0:04:53]} 12. h4 {[%emt 0:01:23]} Na5 {[%emt 0:12:42]} 13. Qc2 {[%emt 0:00:15]} f6 {[%emt 0:06:18]} 14. Nd2 {[%emt 0:04:45]} Kh8 {[%emt 0:00:54]} 15. h5 {[%emt 0:02:19]} Qd7 {[%emt 0:05:40]} 16. Kh2 {[%emt 0:09:10]} Qe8 {[%emt 0:04:44]} 17. Bf3 {[%emt 0:02:23]} f5 {[%emt 0:01:34]} 18. Nb3 {[%emt 0:04:06]} Nc4 {[%emt 0:02:15]} 19. Bf4 {[%emt 0:00:11]} Bd6 {[%emt 0:02:03]} 20. Nd2 {[%emt 0:00:15]} Bxf4 {[%emt 0:03:14]} 21. Nxc4 {[%emt 0:00:37]} Rb8 {[%emt 0:07:45]} 22. Nb2 {[%emt 0:11:12]} Bd6 {[%emt 0:00:33]} 23. e3 {[%emt 0:00:33]} Qf7 {[%emt 0:09:04]} 24. Kg2 {[%emt 0:00:47]} c5 {[%emt 0:06:31]} 25. Nd3 {[%emt 0:00:43]} cxd4 {[%emt 0:01:00]} 26. exd4 {[%emt 0:00:28]} f4 {[%emt 0:01:06]} 27. g4 {[%emt 0:00:10]} Rbc8 {[%emt 0:03:51]} 28. Ne5 {[%emt 0:07:27]} Qc7 {[%emt 0:02:03]} 29. Rac1 {[%emt 0:03:15]} Ba3 {[%emt 0:01:56]} 30. Rcd1 {[%emt 0:00:07]} Qxc3 {[%emt 0:01:07]} 31. Qb1 {[%emt 0:00:02]} Qb4 {[%emt 0:06:18]} 32. Qd3 {[%emt 0:02:40]} Rc3 {[%emt 0:01:43]} 33. Qd2 {[%emt 0:02:17]} Rc7 {[%emt 0:02:21]} 34. Qd3 {[%emt 0:00:47]} Qd6 {[%emt 0:00:51]} 35. Ng6+ {[%emt 0:03:17]} hxg6 {[%emt 0:00:04]} 36. hxg6 {[%emt 0:00:06]} Kg8 {[%emt 0:01:09]} 37. Re5 {[%emt 0:00:12]} Rc1 {[%emt 0:03:36]} 38. Rd2 {[%emt 0:04:38]} Bb4 {[%emt 0:01:45]} 39. Rde2 {[%emt 0:00:39]} Rc3 {[%emt 0:02:42]} 40. Qb1 {[%emt 0:00:16]} Ba6 {[%emt 0:01:14]} 41. Qh1 {[%emt 0:02:01]} Qxg6 {[%emt 0:00:05]} 42. Bxd5+ {[%emt 0:00:05]} Rf7 {[%emt 0:00:02]} 43. Re8+ {[%emt 0:00:09]} Bf8 {[%emt 0:00:03]} 44. Rxf8+ {[%emt 0:00:08]} 1-0